The Dardanelles / (Record no. 185260)
[ view plain ]
| 000 -LEADER | |
|---|---|
| fixed length control field | 01154 a2200169 4500 |
| 003 - CONTROL NUMBER IDENTIFIER | |
| control field | NUST |
| 005 - DATE AND TIME OF LATEST TRANSACTION | |
| control field | 20221224112224.0 |
| 040 ## - CATALOGING SOURCE | |
| Transcribing agency | Nust |
| 082 ## - DEWEY DECIMAL CLASSIFICATION NUMBER | |
| Classification number | 355.02,CAL |
| 100 ## - MAIN ENTRY--PERSONAL NAME | |
| Personal name | Callwell.C.E.SIr |
| 9 (RLIN) | 105796 |
| 245 ## - TITLE STATEMENT | |
| Title | The Dardanelles / |
| Statement of responsibility, etc. | Maj Gen. Sir C.E Callweli |
| 260 ## - PUBLICATION, DISTRIBUTION, ETC. | |
| Place of publication, distribution, etc. | London |
| Name of publisher, distributor, etc. | Constable and Co |
| Date of publication, distribution, etc. | c1924 |
| 300 ## - PHYSICAL DESCRIPTION | |
| Extent | 361:p. |
| 505 ## - FORMATTED CONTENTS NOTE | |
| Formatted contents note | The Initiation of The Campaign (Page-1), The Naval Attempt to Force The Dardanelles (Page-14), The Organization of the Military Expedition (Page-27), The Military Problem Presented the Dardanelles (Page-38), The Landing (Page-58), The Consolidation at Helles and Anzac (Page-106), The General Strategical Situation Produced by the Landings (Page-132), The First Three Months at Helles (page-147), The First Three Months at Anzac (Page-166), Possibilities of Success (Page-182), The Great Effort of Early August (page-192), The Close of The August Offensive (Page-241) The Three Autumn Months (page-256),The Evacuation of Anzac and Suvla (Page-276), The Evacuation of Helles (Page-305), Some Outstanding Lesson of The Campaign (Page-332). |
| 650 ## - SUBJECT ADDED ENTRY--TOPICAL TERM | |
| Topical term or geographic name entry element | The Dardanelles |
| 9 (RLIN) | 105797 |
| 942 ## - ADDED ENTRY ELEMENTS (KOHA) | |
| Source of classification or shelving scheme | |
| Koha item type | Book |
| Call number prefix | 355.02,CAL |
| Withdrawn status | Lost status | Source of classification or shelving scheme | Damaged status | Not for loan | Permanent Location | Current Location | Shelving location | Date acquired | Full call number | Barcode | Date last seen | Price effective from | Koha item type | Public note |
|---|---|---|---|---|---|---|---|---|---|---|---|---|---|---|
| Military College of Signals (MCS) | Military College of Signals (MCS) | General Stacks | 12/12/2016 | 355.02,CAL | MCS29278 | 12/08/2016 | 12/12/2016 | Book | Almirah No.51, Shelf No.5 |
